Detalles MARC
| 000 -LEADER |
| fixed length control field |
01111nam a22003377a 4500 |
| 001 - CONTROL NUMBER |
| control field |
0074 |
| 003 - CONTROL NUMBER IDENTIFIER |
| control field |
DO-SdBNP |
| 005 - DATE AND TIME OF LATEST TRANSACTION |
| control field |
20180208105708.0 |
| 007 - PHYSICAL DESCRIPTION FIXED FIELD--GENERAL INFORMATION |
| fixed length control field |
0074 |
| 008 - FIXED-LENGTH DATA ELEMENTS--GENERAL INFORMATION |
| fixed length control field |
151105b sp 1984 xxu ||||| |||| 00| 0 spa d |
| 020 ## - INTERNATIONAL STANDARD BOOK NUMBER |
| International Standard Book Number |
8475251811 |
| 040 ## - CATALOGING SOURCE |
| Original cataloging agency |
BPMSU |
| Language of cataloging |
spa |
| Transcribing agency |
BPMSU |
| 041 17 - LANGUAGE CODE |
| Language code of text/sound track or separate title |
spa |
| Language code of original |
fre |
| 092 ## - LOCALLY ASSIGNED DEWEY CALL NUMBER (OCLC) |
| Classification number |
xxxxxxxx |
| Item number |
xxxxxxxx |
| 100 1# - MAIN ENTRY--PERSONAL NAME |
| Personal name |
Grandville, J. J., |
| Dates associated with a name |
1803-1847 |
| 245 10 - TITLE STATEMENT |
| Title |
Vida privada y pública de los animales / |
| Statement of responsibility, etc. |
J.J. Grandville ; traducción, José María González Ruiz ; revisión, apéndices y notas, M.I. Villarino y Emilio Pascual ; ilustración, J.J. Grandville. |
| 260 ## - PUBLICATION, DISTRIBUTION, ETC. (IMPRINT) |
| Place of publication, distribution, etc. |
Madrid : |
| Name of publisher, distributor, etc. |
Anaya, |
| Date of publication, distribution, etc. |
1984. |
| 300 ## - PHYSICAL DESCRIPTION |
| Extent |
351 p. : |
| Other physical details |
il. ; |
| Dimensions |
20 cm. |
| 490 1# - SERIES STATEMENT |
| Series statement |
Tus libros |
| 490 1# - SERIES STATEMENT |
| Series statement |
Satíricos |
| Volume/sequential designation |
49 |
| 504 ## - BIBLIOGRAPHY, ETC. NOTE |
| Bibliography, etc |
Incluye referencias bibliográficas y notas al pie de las páginas |
| 650 ## - SUBJECT ADDED ENTRY--TOPICAL TERM |
| Topical term or geographic name as entry element |
FABULAS FRANCESAS |
| 700 12 - ADDED ENTRY--PERSONAL NAME |
| Personal name |
González-Ruiz, José María, |
| Relator term |
tr. |
| 700 12 - ADDED ENTRY--PERSONAL NAME |
| Personal name |
Villarino, M.I. |
| 700 12 - ADDED ENTRY--PERSONAL NAME |
| Personal name |
Pascual, Emilio |
| 830 #0 - SERIES ADDED ENTRY--UNIFORM TITLE |
| Uniform title |
Tus libros |
| 830 #0 - SERIES ADDED ENTRY--UNIFORM TITLE |
| Uniform title |
Satíricos |
| Number of part/section of a work |
49 |
| 942 ## - ADDED ENTRY ELEMENTS (KOHA) |
| Source of classification or shelving scheme |
Dewey Decimal Classification |
| Koha item type |
Libros |
| 945 ## - LOCAL PROCESSING INFORMATION (OCLC) |
| a |
Inventariado, 2018 /LP |
| 956 ## - LOCAL ELECTRONIC LOCATION AND ACCESS (OCLC) |
| Host name |
Brenda Tavárez |
| Access number |
10 |